[Event "St Chely d'Aubrac op 7th"]
[Site "St Chely d'Aubrac"]
[Date "2007.07.16"]
[Round "3"]
[White "Lemaire, Matthieu"]
[Black "Luc, Rene"]
[Result "1-0"]
[WhiteElo "1934"]
[BlackElo "1710"]
[PlyCount "107"]
[EventDate "2007.07.07"]
[EventType "swiss"]
[EventRounds "9"]
[EventCountry "FIN"]
[SourceTitle "EXT 2008"]
[Source "ChessBase"]
[SourceDate "2007.11.25"]
[SourceVersion "1"]
[SourceVersionDate "2007.11.25"]
[SourceQuality "1"]

1. e4 c5 2. c3 Nf6 3. e5 Nd5 4. Nf3 Nc6 5. d4 e6 6. c4 Nb6 7. d5 exd5 8. cxd5 Nb4 9. d6 f6 10. Nc3 h6 11. a3 Nc6 12. Bd3 Kf7 13. Qb3+ c4 14. Bxc4+ Nxc4 15. Qxc4+ Ke8 16. Qe4 Kf7 17. Qd5+ Kg6 18. Nh4+ Kh7 19. Qd3+ Kg8 20. Ng6 Nxe5 21. Qd5+ Kh7 22. Nxh8 Kxh8 23. Bf4 Qb6 24. Bxe5 fxe5 25. 0-0-0 Qc6 26. Qxe5 b6 27. Qe4 Bb7 28. Qxc6 Bxc6 29. f3 Rc8 30. Rhe1 g6 31. Re2 Kg8 32. Kb1 Kf7 33. Ne4 Ba4 34. Rc1 Bc6 35. h4 Re8 36. Rh1 Kg7 37. Rc2 Rxe4 38. Rxc6 Rd4 39. Rc7 Rxd6 40. Rxa7 Kf6 41. Kc2 Rd5 42. Ra6 Bc5 43. Rd1 Rxd1 44. Kxd1 Ke5 45. Ke2 d5 46. Ra8 Kf4 47. b4 Bg1 48. Rg8 Kf5 49. a4 Kf6 50. a5 bxa5 51. bxa5 Kf7 52. Rc8 Ke6 53. Rc6+ Kf5 54. g4+ 1-0

[Event "St Chely d'Aubrac op 7th"]
[Site "St Chely d'Aubrac"]
[Date "2007.07.15"]
[Round "2"]
[White "Luc, Rene"]
[Black "Veys, Vincent"]
[Result "1-0"]
[WhiteElo "1710"]
[BlackElo "1490"]
[PlyCount "129"]
[EventDate "2007.07.07"]
[EventType "swiss"]
[EventRounds "9"]
[EventCountry "FIN"]
[SourceTitle "EXT 2008"]
[Source "ChessBase"]
[SourceDate "2007.11.25"]
[SourceVersion "1"]
[SourceVersionDate "2007.11.25"]
[SourceQuality "1"]

1. c4 e5 2. Nc3 Nf6 3. Nf3 Nc6 4. d3 d5 5. cxd5 Nxd5 6. g3 Bb4 7. Bd2 Bxc3 8. bxc3 h6 9. Bg2 Be6 10. 0-0 Qf6 11. c4 Nde7 12. Bc3 0-0 13. Rb1 Rab8 14. Nd2 Nf5 15. Bxc6 bxc6 16. Ne4 Qg6 17. Bxe5 Rbc8 18. Nc5 Rfd8 19. Nxe6 Qxe6 20. Bf4 Re8 21. Re1 Qf6 22. Rb7 Nh4 23. Rxc7 Rxc7 24. Bxc7 Ng6 25. Ba5 Qb2 26. Qd2 Qxd2 27. Bxd2 Rb8 28. Be3 a6 29. a3 Rb3 30. Bc5 Ne5 31. d4 Nd7 32. Bb4 Nb6 33. Rc1 Rb2 34. e4 Re2 35. f3 Re3 36. Kf2 Rd3 37. Bc5 Na4 38. Ke2 Rb3 39. Bb4 Rb2+ 40. Ke3 Rxh2 41. Rb1 Nb6 42. Kd3 g5 43. d5 cxd5 44. cxd5 h5 45. Be7 h4 46. gxh4 gxh4 47. Rxb6 h3 48. Rb1 Rg2 49. Rh1 h2 50. Bd6 Ra2 51. Rxh2 Ra1 52. Be5 Rxa3+ 53. Kc4 Kf8 54. Bd6+ Ke8 55. Bxa3 a5 56. Kb5 a4 57. Kxa4 f5 58. e5 f4 59. Rh7 Kd8 60. Kb5 Kc8 61. Kc6 Kb8 62. Rd7 Ka8 63. e6 Kb8 64. e7 Ka8 65. e8Q# 1-0

[Event "St Chely d'Aubrac op 5th"]
[Site "St Chely d'Aubrac"]
[Date "2005.07.16"]
[Round "9"]
[White "Luc, Rene"]
[Black "Carabetta, Gaetan"]
[Result "1-0"]
[WhiteElo "1690"]
[BlackElo "1480"]
[PlyCount "39"]
[EventDate "2005.07.09"]
[EventType "swiss"]
[EventRounds "9"]
[EventCountry "FRA"]
[SourceTitle "CBM 107 Extra"]
[Source "ChessBase"]
[SourceDate "2005.09.01"]
[SourceVersion "1"]
[SourceVersionDate "2005.09.01"]
[SourceQuality "1"]

1. c4 Nf6 2. Nc3 g6 3. Nf3 Bg7 4. d4 d5 5. Bf4 Bg4 6. Qa4+ c6 7. h3 Bxf3 8. exf3 0-0 9. Bd3 Nbd7 10. 0-0 Re8 11. Rae1 dxc4 12. Qxc4 Rc8 13. Qb3 c5 14. Bc4 e6 15. d5 exd5 16. Nxd5 Rxe1 17. Rxe1 b6 18. Ne7+ Kh8 19. Nxc8 Qxc8 20. Bxf7 1-0

[Event "St Chely d'Aubrac op 5th"]
[Site "St Chely d'Aubrac"]
[Date "2005.07.13"]
[Round "6"]
[White "Luc, Rene"]
[Black "Chokbengboun, Thomas"]
[Result "0-1"]
[WhiteElo "1690"]
[BlackElo "1900"]
[PlyCount "36"]
[EventDate "2005.07.09"]
[EventType "swiss"]
[EventRounds "9"]
[EventCountry "FRA"]
[SourceTitle "CBM 107 Extra"]
[Source "ChessBase"]
[SourceDate "2005.09.01"]
[SourceVersion "1"]
[SourceVersionDate "2005.09.01"]
[SourceQuality "1"]

1. c4 e5 2. Nc3 Nf6 3. d3 d5 4. cxd5 Nxd5 5. g3 Bb4 6. Bd2 0-0 7. Bg2 Nxc3 8. Bxc3 Bxc3+ 9. bxc3 Qf6 10. Rb1 c6 11. c4 Rd8 12. Nf3 e4 13. Ng1 exd3 14. exd3 Qc3+ 15. Qd2 Qxd3 16. Qxd3 Rxd3 17. Be4 Rd8 18. Nf3 Re8 0-1

[Event "St Chely d'Aubrac op 5th"]
[Site "St Chely d'Aubrac"]
[Date "2005.07.12"]
[Round "5"]
[White "Lagunes, Matthieu"]
[Black "Luc, Rene"]
[Result "1/2-1/2"]
[WhiteElo "1780"]
[BlackElo "1690"]
[PlyCount "101"]
[EventDate "2005.07.09"]
[EventType "swiss"]
[EventRounds "9"]
[EventCountry "FRA"]
[SourceTitle "CBM 107 Extra"]
[Source "ChessBase"]
[SourceDate "2005.09.01"]
[SourceVersion "1"]
[SourceVersionDate "2005.09.01"]
[SourceQuality "1"]

1. e4 e6 2. d4 d5 3. Nd2 c5 4. exd5 Qxd5 5. dxc5 Bxc5 6. Bc4 Qxg2 7. Qf3 Qxf3 8. Ngxf3 Nf6 9. Rg1 g6 10. b3 Bf8 11. Bb2 Bg7 12. 0-0-0 0-0 13. Ne5 a6 14. h4 b5 15. Be2 Bb7 16. Rg3 Nfd7 17. Ndf3 Nxe5 18. Nxe5 Bxe5 19. Bxe5 Nc6 20. Bb2 Rac8 21. a3 Na5 22. Bc3 Be4 23. h5 Nc6 24. hxg6 fxg6 25. f3 Bf5 26. f4 a5 27. Rd2 b4 28. axb4 axb4 29. Bb2 Rfd8 30. Bd3 Bxd3 31. Rgxd3 Rxd3 32. Rxd3 Rd8 33. Kd2 Rxd3+ 34. Kxd3 h5 35. Bc1 e5 36. Kc4 exf4 37. Bxf4 h4 38. Kc5 Na7 39. Kxb4 Kf7 40. Kc5 Ke6 41. Kd4 Kf5 42. Ke3 g5 43. Bb8 Nc6 44. Bc7 g4 45. c3 Ne5 46. Bxe5 Kxe5 47. b4 h3 48. Kf2 h2 49. Kg2 g3 50. b5 Kd6 51. c4 1/2-1/2

[Event "St Chely d'Aubrac op 5th"]
[Site "St Chely d'Aubrac"]
[Date "2005.07.11"]
[Round "3"]
[White "Mathieu, Paul"]
[Black "Luc, Rene"]
[Result "0-1"]
[WhiteElo "1860"]
[BlackElo "1690"]
[PlyCount "115"]
[EventDate "2005.07.09"]
[EventType "swiss"]
[EventRounds "9"]
[EventCountry "FRA"]
[SourceTitle "CBM 107 Extra"]
[Source "ChessBase"]
[SourceDate "2005.09.01"]
[SourceVersion "1"]
[SourceVersionDate "2005.09.01"]
[SourceQuality "1"]

1. e4 e6 2. d3 d5 3. Nd2 Nc6 4. Ngf3 Bd6 5. g3 Nf6 6. Bg2 dxe4 7. dxe4 e5 8. 0-0 0-0 9. h3 Be6 10. c3 Qd7 11. Ng5 Rad8 12. Nxe6 Qxe6 13. Qe2 a6 14. Nc4 b5 15. Ne3 Ne7 16. Kh2 c5 17. a4 c4 18. axb5 axb5 19. Ra5 Rb8 20. Bd2 Bc7 21. Raa1 Rfd8 22. Nc2 Nc6 23. Bg5 h6 24. Bxf6 Qxf6 25. Ne3 Ne7 26. Ng4 Qe6 27. Rfd1 Rxd1 28. Rxd1 Rd8 29. Rxd8+ Bxd8 30. Ne3 Bb6 31. Nd5 Nxd5 32. exd5 Qf6 33. f3 Qd6 34. Qd2 Bc7 35. h4 e4 36. f4 f5 37. Qd4 g5 38. hxg5 hxg5 39. Qd2 gxf4 40. Qxf4 Qxf4 41. gxf4 Bxf4+ 42. Kg1 Kf7 43. Kf2 Kf6 44. Ke2 Bd6 45. Ke3 Ke5 46. Kd2 Kxd5 47. Kc2 f4 48. Bf1 f3 49. b3 e3 50. bxc4+ bxc4 51. Kd1 Be5 52. Kc2 e2 53. Bxe2 fxe2 54. Kd2 Ke4 55. Kxe2 Bxc3 56. Kd1 Kd3 57. Kc1 Bd2+ 58. Kd1 0-1